Statistics for Weapons of COD: Black Ops 2

Click here to take the quiz!

General Stats

  • This quiz has been taken 326 times
  • The average score is 26 of 40

Answer Stats

HintAnswer% Correct
Sniper RifleBallista
86%
Sniper RifleDSR 50
86%
Assault RifleAN-94
81%
SMGMP7
77%
DLC SMGPeacekeeper
76%
LauncherRPG
76%
SMGSkorpion EVO
76%
SpecialBallistic Knife
74%
Assault RifleFAL-OSW
74%
SMGMSMC
74%
ShotgunR870 MCS
74%
SpecialCrossbow
73%
ShotgunKSG
71%
LMGLSAT
71%
SMGPDW-57
71%
PistolFive-Seven
69%
Assault RifleMTAR
68%
SpecialAssault Shield
66%
PistolB23R
66%
Assault RifleM8A1
66%
Assault RifleSCAR-H
66%
SMGChicom CQB
64%
Sniper RifleSVU-AS
64%
Sniper RifleXPR-50
64%
PistolExecutioner
63%
PistolKAP-40
63%
SMGVector K10
61%
LMGHAMR
60%
Assault RifleSMR
59%
PistolTac-45
57%
ShotgunS12
56%
Assault RifleSWAT-556
56%
Assault RifleM27
55%
LauncherSMAW
54%
Assault RifleType 25
54%
ShotgunM1216
50%
DefaultCombat Knife
48%
LMGMk 48
47%
LMGQBB LSW
41%
LauncherFHJ-18 AA
32%

Score Distribution

Percentile by Number Answered

Percent of People with Each Score

Your Score History

You have not taken this quiz